Επεξεργαστές γλωσσών προγραμματισμού : μεταγλωττιστές, συμβολομεταφραστές, βοηθητικοί επεξεργαστές, διερμηνευτές
Saved in:
| Main Author: | |
|---|---|
| Other Authors: | |
| Format: | Book |
| Language: | Greek |
| Published: |
Αθήνα :
Εκδόσεις Νέων Τεχνολογιών,
1992
|
| Subjects: | |
| Tags: |
Add Tag
No Tags, Be the first to tag this record!
|
MARC
| LEADER | 00000nam a2200000 i 4500 | ||
|---|---|---|---|
| 001 | 1/64738 | ||
| 008 | 980817s1992 gre d | ||
| 020 | |a 9607235177 | ||
| 035 | |l 10029484 | ||
| 040 | |a GR-MY-UA |b gre |e aacr | ||
| 041 | 0 | |a gre | |
| 082 | 0 | |a 005.453 | |
| 100 | 1 | |a Γεωργούλη, Κατερίνα. | |
| 245 | 1 | 0 | |a Επεξεργαστές γλωσσών προγραμματισμού : |b μεταγλωττιστές, συμβολομεταφραστές, βοηθητικοί επεξεργαστές, διερμηνευτές / |c Κατ. Γεωργούλη, Σπ. Ξανθάκη |
| 260 | |a Αθήνα : |b Εκδόσεις Νέων Τεχνολογιών, |c 1992 | ||
| 300 | |a 173 σελ. | ||
| 500 | |a Περιέχει βιβλιογραφία και γλωσσάριο | ||
| 650 | 0 | 0 | |a Compilers (Computer programs) |
| 700 | 1 | |a Ξανθάκης, Σπύρος |d 1917- | |
| 852 | |a INST |b CHIOS |e 19980817 |h 005.453 ΓΕΩ |p 005200015830 |q 005200015830 |t BK |y 0 | ||
| 901 | |a BIBL-1998-2 | ||
| 909 | |a Χ |b 058719 | ||
| 922 | |a 2ΕΛΗ |b 199807 |c ΣΑΚΕΛΛΑΡΙΔΗΣ |d EMVASIS | ||